000 00579nam a2200205Ia 4500
003 GCL
008 140319s9999 xx 000 0 ara d
040 _aGCL /
_cGCL
082 0 4 _a398.2
_bم ا
100 1 _aمحمد فهمى عبداللطيف
245 1 0 _aابو زيد الهلالى /
_cمحمد فهمى عبداللطيف
300 _a131 ص
490 _a
650 0 4 _aالفولكلور
650 0 4 _aالادب الشعبى
650 0 4 _aالقصة
650 0 4 _aالفولكلور المصرى
650 0 4 _aابو زيد الهلالى
942 _2ddc
_cBK
999 _c39418
_d39418